000 00973naa a22002777u 4500
001 07459
003 HDC
007 cr bn ---aaaaa
008 010417s2000 at 001 0 eng
040 _aHDC
100 _aRAVINDRAN, P.N.,
_eauthor
_97986
245 0 _aBLACK PEPPER :
_bEND USES OF BLACK PEPPER /
_cby P.N.RAVINDRAN, INDIRA BALACHANDRAN and B.CHEMPAKAM
_h
260 _aAustralia :
_bHarwood Academic,
_c2000
300 _a13 pages
336 _atext
_2rdacontent
337 _acomputer
_2rdamedia
338 _aonline resource
_2rdacarrier
500 _aOriginal from book
650 _aBlack pepper (Plant)
_97984
650 _aBlack pepper (Plant)
_xTherapeutic use
_97985
700 _aRavindran, P. N.,
_eeditor
_97986
856 _zRequest full-text at [email protected]
942 _2lcc
942 _cCHAP
942 _kEBCH 000607
999 _c4782
_d4782